[Event "46th GRE-chT Premier 2018"]
[Site "Rio Achaia"]
[Date "2018.07.14"]
[Round "6"]
[White "Kokkota, Eleni"]
[Black "Petrakis, Stylianos"]
[Result "0-1"]
[WhiteElo "1616"]
[BlackElo "2024"]
[Annotator "NA"]
[PlyCount "72"]
[EventDate "2018.07.10"]
[EventType "team-tourn"]
[EventCountry "GRE"]
[SourceTitle "playchess.com"]
[Source "ChessBase"]
[SourceQuality "1"]

1. d4 a6 2. c4 e6 3. Nc3 d5 4. cxd5 exd5 5. Nf3 Bf5 6. Bg5 Be7 7. Bxe7 Nxe7 8. e3 O-O 9. Be2 c6 10. O-O Nd7 11. h3 Nc8 12. Qb3 Nd6 13. Rac1 b5 14. a4 Nc4 15. axb5 axb5 16. Ra1 Qe7 17. Na2 Ra4 18. Bd3 Bxd3 19. Qxd3 Nxb2 20. Qc2 Nc4 21. Nc3 Raa8 22. Nd2 Nxd2 23. Qxd2 Nb6 24. Ne2 Nc4 25. Qc2 Ra3 26. Rxa3 Qxa3 27. Qc3 Ra8 28. Qxa3 Rxa3 29. Rb1 g6 30. g3 Ra2 31. Nc1 Rc2 32. Nb3 Kg7 33. Kf1 Kf6 34. Ke1 Kf5 35. Nc5 Ra2 36. Kf1 Nd2+ 0-1

[Event "46th GRE-chT Premier 2018"]
[Site "Rio Achaia"]
[Date "2018.07.14"]
[Round "6"]
[White "Kokkota, Fotini"]
[Black "Petraki, Argiro"]
[Result "1/2-1/2"]
[WhiteElo "1615"]
[BlackElo "1729"]
[Annotator "NA"]
[PlyCount "98"]
[EventDate "2018.07.10"]
[EventType "team-tourn"]
[EventCountry "GRE"]
[SourceTitle "playchess.com"]
[Source "ChessBase"]
[SourceQuality "1"]

1. e4 c5 2. Nf3 Nc6 3. d4 cxd4 4. Nxd4 g6 5. c4 Bg7 6. Be3 Nf6 7. Nc3 O-O 8. Be2 d6 9. O-O Bd7 10. Qd2 Nxd4 11. Bxd4 Bc6 12. f3 a5 13. b3 Nd7 14. Be3 Nc5 15. Rab1 Qb6 16. Rfc1 Rfc8 17. Kh1 Qb4 18. Nd5 Bxd5 19. exd5 Qxd2 20. Bxd2 e5 21. a3 a4 22. bxa4 Rxa4 23. Bb4 Ra7 24. Bxc5 Rxc5 25. Bd1 Rxa3 26. Rxb7 Bh6 27. Rcb1 Rxc4 28. R7b2 Rac3 29. Kg1 Rd4 30. Bb3 Bc1 31. Re2 Rdd3 32. Ba2 f5 33. Kf1 Kg7 34. Re1 Be3 35. Rb2 f4 36. Ke2 Bc1 37. Rxc1 Re3+ 38. Kd1 Ra3 39. Bb1 g5 40. h3 h5 41. Rc7+ Kf6 42. Rb6 e4 43. Bxe4 Ra1+ 44. Rc1 Ra2 45. Rxd6+ Ke5 46. Re6+ Kd4 47. d6 Rxg2 48. d7 Rg1+ 49. Kc2 Rg2+ 1/2-1/2

[Event "46th GRE-chT Premier 2018"]
[Site "Rio Achaia"]
[Date "2018.07.14"]
[Round "6"]
[White "Chatziioannidi, Filippa"]
[Black "Bichaki, Ourania"]
[Result "1-0"]
[WhiteElo "1592"]
[BlackElo "1099"]
[Annotator "NA"]
[PlyCount "115"]
[EventDate "2018.07.10"]
[EventType "team-tourn"]
[EventCountry "GRE"]
[SourceTitle "playchess.com"]
[Source "ChessBase"]
[SourceQuality "1"]

1. d4 d5 2. c4 e6 3. g3 Nf6 4. Nf3 Bb4+ 5. Bd2 Bxd2+ 6. Nbxd2 O-O 7. Bg2 Qe7 8. Qc2 Rd8 9. O-O b6 10. cxd5 Nxd5 11. Rac1 c6 12. e4 Nf6 13. e5 Nd5 14. Ne4 h6 15. a3 Bb7 16. Nd6 Qc7 17. Rfd1 Ne7 18. Nd2 Nc8 19. N2e4 Nxd6 20. Nxd6 Rxd6 21. exd6 Qxd6 22. Rd3 Nd7 23. Bxc6 Rc8 24. Rc3 Bxc6 25. Rxc6 Rxc6 26. Qxc6 Qxd4 27. Qa8+ Kh7 28. Qxa7 Qxb2 29. Rd1 Ne5 30. Qa4 Qe2 31. Rc1 Nf3+ 32. Kh1 Qxf2 33. Qc2+ Qxc2 34. Rxc2 Nd4 35. Rb2 b5 36. Kg2 Kg6 37. Rb4 e5 38. Rb1 Kf5 39. Rf1+ Ke6 40. Rc1 Kd7 41. Kf2 f5 42. Ke3 g5 43. Rc5 Kd6 44. Rc8 Kd5 45. Rh8 Nc2+ 46. Kd3 Nxa3 47. Rxh6 e4+ 48. Ke2 b4 49. Rb6 Kc4 50. h4 gxh4 51. gxh4 f4 52. h5 f3+ 53. Kf2 Nc2 54. h6 e3+ 55. Kxf3 Kd3 56. Rd6+ Nd4+ 57. Rxd4+ Kxd4 58. h7 1-0

[Event "46th GRE-chT Premier 2018"]
[Site "Rio Achaia"]
[Date "2018.07.14"]
[Round "6"]
[White "Blitsas, Orestis"]
[Black "Sotiropoulos, Anastasios-Theohar"]
[Result "1/2-1/2"]
[WhiteElo "1584"]
[BlackElo "1834"]
[Annotator "NA"]
[PlyCount "94"]
[EventDate "2018.07.10"]
[EventType "team-tourn"]
[EventCountry "GRE"]
[SourceTitle "playchess.com"]
[Source "ChessBase"]
[SourceQuality "1"]

1. e4 c6 2. d4 d5 3. Nd2 dxe4 4. Nxe4 Nd7 5. Nf3 Ngf6 6. Ng3 e6 7. Bd3 Bd6 8. O-O Qc7 9. Re1 O-O 10. b3 b6 11. Bb2 Bb7 12. c4 c5 13. Qe2 Rad8 14. Rad1 Rfe8 15. Ne4 Nxe4 16. Bxe4 Bxe4 17. Qxe4 Nf6 18. Qh4 Be7 19. Qg3 Bd6 20. Qh4 cxd4 21. Nxd4 Be7 22. Qg3 Bd6 23. Qh4 Be7 24. Qg3 Qb7 25. h3 Rd7 26. Nf5 Nh5 27. Nxe7+ Rexe7 28. Qe5 Nf6 29. Qg5 Ne8 30. Ba3 Rxd1 31. Rxd1 Rd7 32. Rd2 Qc8 33. Qe3 Qd8 34. Bb4 Rxd2 35. Bxd2 Nc7 36. Bc3 Qd7 37. Qd4 Qxd4 38. Bxd4 f6 39. c5 bxc5 40. Bxc5 a6 41. g3 Kf7 42. Kg2 Ke8 43. Kf3 Nd5 44. Ke4 Kd7 45. a3 Kc6 46. Kd4 g6 47. Kc4 h5 1/2-1/2

[Event "46th GRE-chT Premier 2018"]
[Site "Rio Achaia"]
[Date "2018.07.14"]
[Round "6"]
[White "Psofimi, Milia"]
[Black "Salahidou, Reveka"]
[Result "1/2-1/2"]
[WhiteElo "1580"]
[BlackElo "1955"]
[Annotator "NA"]
[PlyCount "81"]
[EventDate "2018.07.10"]
[EventType "team-tourn"]
[EventCountry "GRE"]
[SourceTitle "playchess.com"]
[Source "ChessBase"]
[SourceQuality "1"]

1. e4 c5 2. Nf3 g6 3. d4 cxd4 4. Qxd4 Nf6 5. Nc3 Nc6 6. Qa4 Qc7 7. Nb5 Qb8 8. Bd3 a6 9. Nbd4 Bg7 10. c3 O-O 11. Nxc6 dxc6 12. Be3 Nd7 13. O-O-O b5 14. Qc2 a5 15. c4 bxc4 16. Bxc4 Nb6 17. Bd3 Ba6 18. Bxa6 Rxa6 19. Bd4 Bxd4 20. Nxd4 Qb7 21. Nb3 Na4 22. Rd4 Qb5 23. f4 Rb8 24. Rhd1 Raa8 25. Qc4 Nb6 26. Qxb5 cxb5 27. Kb1 a4 28. Nc5 Rc8 29. Nd7 Nc4 30. Rxc4 Rxc4 31. Nb6 Rac8 32. Nxc8 Rxc8 33. Rd3 Rc4 34. Re3 Rd4 35. Kc2 b4 36. b3 a3 37. g3 Kg7 38. e5 h5 39. Rd3 Re4 40. Kd2 f5 41. Re3 1/2-1/2

[Event "46th GRE-chT Premier 2018"]
[Site "Rio Achaia"]
[Date "2018.07.14"]
[Round "6"]
[White "Galanakis, Nikolaos"]
[Black "Makris, Spyridon-Dionysios"]
[Result "0-1"]
[WhiteElo "1579"]
[BlackElo "1799"]
[Annotator "NA"]
[PlyCount "108"]
[EventDate "2018.07.10"]
[EventType "team-tourn"]
[EventCountry "GRE"]
[SourceTitle "playchess.com"]
[Source "ChessBase"]
[SourceQuality "1"]

1. e4 e5 2. Nf3 Nc6 3. Bb5 a6 4. Bxc6 dxc6 5. O-O Bg4 6. h3 Bh5 7. d3 f6 8. Nbd2 Bf7 9. Re1 c5 10. Nf1 Qd7 11. Be3 O-O-O 12. Qe2 Bd6 13. c3 Ne7 14. d4 cxd4 15. cxd4 Ng6 16. Red1 Qe7 17. Ng3 exd4 18. Rxd4 Bxg3 19. fxg3 Rxd4 20. Bxd4 Rd8 21. Qc2 Qd6 22. Rc1 Be8 23. Bf2 Bc6 24. Nd4 Ne5 25. Nxc6 Nxc6 26. a3 Qd3 27. Qxd3 Rxd3 28. Rc2 Rd1+ 29. Kh2 Kd7 30. g4 Nd8 31. Bg3 Ne6 32. e5 fxe5 33. Bxe5 c5 34. Bc3 Kd6 35. Rd2+ Rxd2 36. Bxd2 Kd5 37. g5 Kc4 38. h4 Kb3 39. Bc3 g6 40. g4 c4 41. Kg3 Nc5 42. Kf4 Nd3+ 43. Ke4 Nxb2 44. Bb4 c3 45. Kd5 c2 46. Bd2 Kxa3 47. Ke6 Kb3 48. Kf6 a5 49. Kg7 Nc4 50. Bc1 a4 51. Kxh7 Ne5 52. h5 a3 53. hxg6 Nxg6 54. Kxg6 a2 0-1

[Event "46th GRE-chT Premier 2018"]
[Site "Rio Achaia"]
[Date "2018.07.14"]
[Round "6"]
[White "Bebis, Epaminondas-Alexand"]
[Black "Argyropoulos, Theodoros"]
[Result "1-0"]
[WhiteElo "1554"]
[BlackElo "1539"]
[Annotator "NA"]
[PlyCount "67"]
[EventDate "2018.07.10"]
[EventType "team-tourn"]
[EventCountry "GRE"]
[SourceTitle "playchess.com"]
[Source "ChessBase"]
[SourceQuality "1"]

1. b3 Nf6 2. Bb2 g6 3. e3 Bg7 4. f4 d6 5. Nf3 O-O 6. d3 Re8 7. Nbd2 Nc6 8. Qe2 b5 9. Ne4 Nxe4 10. Bxg7 Kxg7 11. dxe4 b4 12. Qd2 Rb8 13. Bc4 e5 14. O-O Be6 15. Bd5 Qd7 16. Rad1 f6 17. h3 a5 18. Kh2 h5 19. Nh4 Bf7 20. Rf3 Kh7 21. Rg1 Rh8 22. g4 Rbg8 23. Qd3 Nd8 24. g5 Qe7 25. Kh1 Rg7 26. fxe5 fxe5 27. Rf6 Bxd5 28. exd5 e4 29. Qd4 Nf7 30. Rgf1 Nxg5 31. Rxg6 Rxg6 32. Qxh8+ Kxh8 33. Nxg6+ Kg7 34. Nxe7 1-0

[Event "46th GRE-chT Premier 2018"]
[Site "Rio Achaia"]
[Date "2018.07.14"]
[Round "6"]
[White "Gioutsou, Miranta"]
[Black "Fertaki, Eleftheria"]
[Result "1-0"]
[WhiteElo "1467"]
[BlackElo "1139"]
[Annotator "NA"]
[PlyCount "157"]
[EventDate "2018.07.10"]
[EventType "team-tourn"]
[EventCountry "GRE"]
[SourceTitle "playchess.com"]
[Source "ChessBase"]
[SourceQuality "1"]

1. e4 c5 2. Nf3 e6 3. c3 Nf6 4. Bd3 Nc6 5. Bc2 Qc7 6. d4 cxd4 7. cxd4 d6 8. O-O g6 9. Nc3 a6 10. Re1 Bg7 11. a3 O-O 12. h3 Re8 13. Be3 Bd7 14. Rc1 Rac8 15. Bb1 Qb8 16. b4 b5 17. Qd3 Ne7 18. Ba2 Nc6 19. Bf4 e5 20. dxe5 dxe5 21. Be3 Be6 22. Bxe6 Rxe6 23. Red1 Rd8 24. Nd5 Nxd5 25. exd5 Red6 26. Qb3 Ne7 27. Bc5 R6d7 28. Bxe7 Rxe7 29. Rc6 Rd6 30. Qc2 Rxc6 31. dxc6 Qc7 32. Rd5 Re6 33. Rc5 h6 34. Nd2 Bf8 35. Rc3 Bg7 36. Ne4 Bf8 37. Nd2 Bg7 38. Qe4 Rd6 39. Qc2 Bf8 40. Nb3 Re6 41. Na5 e4 42. Re3 Qc8 43. Rxe4 Rd6 44. Re1 Rf6 45. Rc1 Bd6 46. Qe4 Re6 47. Qd5 Qc7 48. Nb7 Bf4 49. Qd7 Kg7 50. Qxc7 Bxc7 51. g3 Rf6 52. Kg2 Kf8 53. Na5 Rd6 54. Nb7 Rf6 55. Nc5 Kg7 56. Nxa6 Bb6 57. c7 Rxf2+ 58. Kh1 Bxc7 59. Nxc7 Rf3 60. Nxb5 Rxg3 61. Kh2 Rb3 62. Ra1 Rb2+ 63. Kh1 Rb3 64. Kg2 Rb2+ 65. Kg3 Rb3+ 66. Kf4 Rxh3 67. Nd4 Rd3 68. Ke4 Rc3 69. a4 Rc4 70. a5 Rxb4 71. a6 Rb8 72. a7 Re8+ 73. Kd3 Ra8 74. Nb5 h5 75. Nc7 Rd8+ 76. Ke4 f5+ 77. Ke5 Kf7 78. a8=Q Rxa8 79. Rxa8 1-0

[Event "46th GRE-chT Premier 2018"]
[Site "Rio Achaia"]
[Date "2018.07.14"]
[Round "6"]
[White "Kollias, Dimitrios"]
[Black "Tzachristas, Georgios"]
[Result "1-0"]
[WhiteElo "1460"]
[BlackElo "1191"]
[Annotator "NA"]
[PlyCount "117"]
[EventDate "2018.07.10"]
[EventType "team-tourn"]
[EventCountry "GRE"]
[SourceTitle "playchess.com"]
[Source "ChessBase"]
[SourceQuality "1"]

1. e4 d5 2. exd5 Nf6 3. d4 Bg4 4. f3 Bf5 5. c4 e6 6. g4 Bg6 7. Nc3 exd5 8. g5 Nfd7 9. Nxd5 Nc6 10. Qe2+ Be7 11. Nxe7 Nxe7 12. h4 Bh5 13. Nh3 O-O 14. Kf2 Ng6 15. Nf4 Re8 16. Qd3 Nxf4 17. Bxf4 c6 18. Qc3 Qe7 19. Bd3 Nb6 20. b3 Rad8 21. Rad1 Qd7 22. Be4 Rxe4 23. fxe4 Bxd1 24. Rxd1 Qg4 25. Qf3 Qxh4+ 26. Ke3 h5 27. Rh1 Qg4 28. Qxg4 hxg4 29. Rh4 Nd7 30. Rxg4 g6 31. Bd6 Kg7 32. Rh4 Rc8 33. e5 c5 34. dxc5 Nxc5 35. Be7 Nd7 36. Kd4 Rc6 37. Bf6+ Nxf6 38. exf6+ Kg8 39. Kd5 Ra6 40. a4 Rb6 41. Rh3 Re6 42. a5 Ra6 43. b4 b6 44. Ra3 bxa5 45. Rxa5 Rb6 46. b5 Rb7 47. Kc6 Rb8 48. Rxa7 Rc8+ 49. Rc7 Re8 50. b6 Re6+ 51. Kb5 Re5+ 52. Rc5 Rxc5+ 53. Kxc5 Kh8 54. b7 Kh7 55. Kc6 Kg8 56. b8=Q+ Kh7 57. Qc7 Kg8 58. Qe7 Kh8 59. Qf8+ 1-0

[Event "46th GRE-chT Premier 2018"]
[Site "Rio Achaia"]
[Date "2018.07.14"]
[Round "6"]
[White "Thanopoulos, Kleanthis"]
[Black "Rousis, Mihail"]
[Result "0-1"]
[WhiteElo "1454"]
[BlackElo "2048"]
[Annotator "NA"]
[PlyCount "122"]
[EventDate "2018.07.10"]
[EventType "team-tourn"]
[EventCountry "GRE"]
[SourceTitle "playchess.com"]
[Source "ChessBase"]
[SourceQuality "1"]

1. e4 g6 2. Nf3 Bg7 3. Bc4 c5 4. d3 e6 5. Nc3 Ne7 6. O-O d5 7. exd5 exd5 8. Bb5+ Nbc6 9. Re1 O-O 10. Bg5 f6 11. Bf4 Bg4 12. h3 Bxf3 13. Qxf3 Nd4 14. Qd1 Nef5 15. Ba4 Rc8 16. Ne2 Nxe2+ 17. Qxe2 Nd4 18. Qd1 b5 19. c3 bxa4 20. cxd4 Qd7 21. dxc5 Rxc5 22. Qd2 Rfc8 23. Rac1 Rxc1 24. Rxc1 Rxc1+ 25. Qxc1 f5 26. b4 axb3 27. axb3 h5 28. Qc5 a6 29. Qb6 Qe8 30. b4 Kh7 31. Be3 Qb5 32. Qxb5 axb5 33. Kf1 Bc3 34. Bc5 Kg7 35. Ke2 Kf6 36. d4 f4 37. Kd3 Ba1 38. Bd6 f3 39. g3 Kf5 40. Ke3 g5 41. Kxf3 Bxd4 42. g4+ Ke6 43. Bf8 h4 44. Ke2 Bf6 45. Kd3 Ke5 46. Ke2 Kd4 47. f4 gxf4 48. Kf3 Kc3 49. Kxf4 d4 50. Kf5 Bh8 51. Bh6 d3 52. Kg6 d2 53. Bxd2+ Kxd2 54. g5 Kc3 55. Kh5 Kxb4 56. Kxh4 Kc4 57. Kh5 b4 58. Kh6 b3 59. g6 b2 60. h4 b1=Q 61. h5 Qb2 0-1

[Event "46th GRE-chT Premier 2018"]
[Site "Rio Achaia"]
[Date "2018.07.14"]
[Round "6"]
[White "Aivazian, Elpida Sofia"]
[Black "Giannoulaki, Ermofili"]
[Result "1-0"]
[WhiteElo "1451"]
[BlackElo "1286"]
[Annotator "NA"]
[PlyCount "69"]
[EventDate "2018.07.10"]
[EventType "team-tourn"]
[EventCountry "GRE"]
[SourceTitle "playchess.com"]
[Source "ChessBase"]
[SourceQuality "1"]

1. e4 d6 2. d4 Nf6 3. Nf3 Nxe4 4. Bd3 Nf6 5. Bg5 Nbd7 6. Qd2 e5 7. O-O Be7 8. dxe5 Nxe5 9. Nxe5 dxe5 10. Re1 Qd6 11. Qe3 Ng4 12. Bxe7 Qxe7 13. Qe2 f6 14. h3 Nh6 15. f4 Nf7 16. Nd2 Qc5+ 17. Kh1 Qd4 18. fxe5 f5 19. Bc4 Qxb2 20. Bxf7+ Kxf7 21. Qc4+ Kg6 22. Rab1 Qa3 23. Rb3 Qe7 24. Rg3+ Kh6 25. e6 g5 26. Nf3 Rg8 27. Qd5 f4 28. Rg4 c6 29. Qe5 Qg7 30. Qd6 Qf6 31. h4 gxh4 32. Rxg8 b5 33. Qf8+ Qxf8 34. Rxf8 Kg7 35. e7 1-0

[Event "46th GRE-chT Premier 2018"]
[Site "Rio Achaia"]
[Date "2018.07.14"]
[Round "6"]
[White "Papageorgiou, Fotini"]
[Black "Petraki, Evaggelia"]
[Result "1-0"]
[WhiteElo "1442"]
[BlackElo "1814"]
[Annotator "NA"]
[PlyCount "129"]
[EventDate "2018.07.10"]
[EventType "team-tourn"]
[EventCountry "GRE"]
[SourceTitle "playchess.com"]
[Source "ChessBase"]
[SourceQuality "1"]

1. c4 e5 2. g3 Nf6 3. Bg2 d5 4. cxd5 Nxd5 5. Nc3 Nb6 6. Nf3 Nc6 7. d3 Be7 8. O-O O-O 9. a3 Re8 10. Qc2 Bf8 11. b4 a5 12. b5 Nd4 13. Nxd4 exd4 14. Ne4 a4 15. Re1 Ra7 16. Bb2 Re5 17. e3 Rxb5 18. Bxd4 Be6 19. Rec1 f5 20. Nc3 Rb3 21. Bxb6 Rxb6 22. d4 Rb3 23. d5 Bd7 24. Nb1 Bd6 25. Nd2 Rb5 26. Nc4 Rc5 27. Qa2 Qf8 28. Nxd6 Qxd6 29. Rxc5 Qxc5 30. Rb1 Kh8 31. d6 cxd6 32. Qf7 Qc8 33. Rxb7 Rxb7 34. Bxb7 Qe8 35. Qxe8+ Bxe8 36. Kg2 Kg8 37. Kf3 Kf7 38. Bc8 Kf6 39. h4 Ke5 40. Ke2 Bb5+ 41. Kd2 Ke4 42. Bb7+ d5 43. Ba8 h6 44. Bb7 Bc4 45. Bc6 Bb3 46. Be8 Kf3 47. Ke1 Ke4 48. Kd2 d4 49. Bc6+ Ke5 50. f4+ Kd6 51. Be8 dxe3+ 52. Kxe3 Kc5 53. Kd3 Bc4+ 54. Kc3 Bb3 55. Bd7 Kd5 56. Bxf5 Kc5 57. g4 Bd1 58. g5 hxg5 59. fxg5 Kd5 60. Bc2 Bh5 61. Bxa4 Ke5 62. Bc6 Kf4 63. a4 Kg3 64. a5 Bf3 65. Bxf3 1-0

[Event "46th GRE-chT Premier 2018"]
[Site "Rio Achaia"]
[Date "2018.07.14"]
[Round "6"]
[White "Klampatseas, Christos"]
[Black "Papadopoulos, Panteleimon"]
[Result "1-0"]
[WhiteElo "1440"]
[BlackElo "1422"]
[Annotator "NA"]
[PlyCount "51"]
[EventDate "2018.07.10"]
[EventType "team-tourn"]
[EventCountry "GRE"]
[SourceTitle "playchess.com"]
[Source "ChessBase"]
[SourceQuality "1"]

1. d4 d5 2. c4 e6 3. Nc3 Nf6 4. cxd5 exd5 5. Bg5 Be7 6. e3 c6 7. Bd3 O-O 8. Qc2 h6 9. Bf4 Be6 10. Nf3 Bd6 11. Bxd6 Qxd6 12. h3 Nbd7 13. O-O-O b5 14. g4 Rfc8 15. Kb1 a5 16. g5 hxg5 17. Nxg5 Rc7 18. Ne2 a4 19. Nf4 Nb6 20. Rdg1 b4 21. Qe2 c5 22. dxc5 Rxc5 23. Ngxe6 fxe6 24. Nh5 Kf8 25. Nxf6 gxf6 26. Qh5 1-0

[Event "46th GRE-chT Premier 2018"]
[Site "Rio Achaia"]
[Date "2018.07.14"]
[Round "6"]
[White "Goutoufas, Christos"]
[Black "Tsavdaras, Dimitrios"]
[Result "0-1"]
[WhiteElo "1434"]
[BlackElo "1214"]
[Annotator "NA"]
[PlyCount "98"]
[EventDate "2018.07.10"]
[EventType "team-tourn"]
[EventCountry "GRE"]
[SourceTitle "playchess.com"]
[Source "ChessBase"]
[SourceQuality "1"]

1. d4 Nf6 2. c4 e6 3. Nf3 c5 4. Nc3 cxd4 5. Nxd4 Bb4 6. Ndb5 Nc6 7. Nd6+ Ke7 8. Ndb5 a6 9. Nd4 Ne4 10. Nxc6+ dxc6 11. Qc2 Qa5 12. Bd2 Nxd2 13. Qxd2 Rd8 14. Qc2 e5 15. Rc1 Qxa2 16. e3 Bf5 17. e4 Bxe4 18. Qxe4 Qxb2 19. Qc2 Bxc3+ 20. Qxc3 Qxc3+ 21. Rxc3 b5 22. Be2 b4 23. Re3 f6 24. O-O a5 25. Ra1 c5 26. Bd1 a4 27. h3 b3 28. Bxb3 axb3 29. Rxa8 Rxa8 30. Rxb3 Ra4 31. Rc3 Ke6 32. Kh2 e4 33. Kg3 Ke5 34. Rc1 Ra3+ 35. Kh2 f5 36. Kg1 Kd4 37. Rd1+ Rd3 38. Rc1 g5 39. Kf1 f4 40. Ke2 f3+ 41. Kf1 Rc3 42. Rd1+ Kxc4 43. gxf3 exf3 44. Kg1 Rd3 45. Rc1+ Kb4 46. Rb1+ Rb3 47. Rd1 c4 48. Rd8 c3 49. Rc8 Ka3 0-1

[Event "46th GRE-chT Premier 2018"]
[Site "Rio Achaia"]
[Date "2018.07.14"]
[Round "6"]
[White "Fragou, Maria V"]
[Black "Zacharia, Aikaterini-Eirini"]
[Result "1/2-1/2"]
[WhiteElo "1427"]
[BlackElo "1234"]
[Annotator "NA"]
[PlyCount "84"]
[EventDate "2018.07.10"]
[EventType "team-tourn"]
[EventCountry "GRE"]
[SourceTitle "playchess.com"]
[Source "ChessBase"]
[SourceQuality "1"]

1. e4 e5 2. Nf3 Nc6 3. Bc4 Bc5 4. c3 Nf6 5. d3 d6 6. O-O a6 7. Bb3 Ba7 8. h3 h6 9. Re1 O-O 10. Nbd2 Nh5 11. Nf1 Qf6 12. Be3 Nf4 13. Ng3 Ng6 14. Nh5 Qe7 15. Qd2 Bxe3 16. Qxe3 Be6 17. Bc2 Qd7 18. Kh2 f5 19. exf5 Bxf5 20. Ng3 Kh8 21. Nxf5 Qxf5 22. Qe4 Qxe4 23. dxe4 Rf6 24. Rad1 Nce7 25. c4 Nf4 26. Re3 Raf8 27. Rd2 Nc6 28. Bd1 Ne6 29. Kg1 Rg6 30. Nh4 Rgf6 31. Nf5 Ned4 32. Nxd4 Nxd4 33. f3 Rg6 34. Kh2 c5 35. Be2 Rff6 36. Bf1 Rf8 37. Ra3 Rb8 38. Re3 Rf8 39. Rc3 Ra8 40. a4 b5 41. cxb5 axb5 42. Bxb5 Ra5 1/2-1/2

[Event "46th GRE-chT Premier 2018"]
[Site "Rio Achaia"]
[Date "2018.07.14"]
[Round "6"]
[White "Georgitsi, Sofia"]
[Black "Patriki, Alexandra"]
[Result "0-1"]
[WhiteElo "1420"]
[BlackElo "1355"]
[Annotator "NA"]
[PlyCount "96"]
[EventDate "2018.07.10"]
[EventType "team-tourn"]
[EventCountry "GRE"]
[SourceTitle "playchess.com"]
[Source "ChessBase"]
[SourceQuality "1"]

1. e4 e5 2. Nf3 Nc6 3. Bb5 a6 4. Ba4 Nf6 5. d3 d6 6. c3 g6 7. O-O Bg7 8. Re1 O-O 9. h3 b5 10. Bc2 h6 11. d4 Bb7 12. d5 Ne7 13. a4 Rb8 14. Bd3 Nh7 15. axb5 axb5 16. Nh2 f5 17. f3 f4 18. Qe2 Nf6 19. Bxb5 Bc8 20. Nd2 h5 21. Ra7 g5 22. Bd3 Kh8 23. Qf2 Rg8 24. Be2 Bh6 25. Kh1 Kh7 26. b4 Kh8 27. Bb2 Ne8 28. Rea1 Ng6 29. Ra8 Rxa8 30. Rxa8 Ng7 31. Ba6 Qd7 32. Bxc8 Rxc8 33. Rxc8+ Qxc8 34. Qa7 Ne8 35. b5 Kg8 36. c4 Bf8 37. Ba3 Nf6 38. b6 cxb6 39. Qxb6 Ne8 40. c5 Kh8 41. cxd6 Qd7 42. Nc4 Nf6 43. Qc6 Qa7 44. Bc5 Qa1+ 45. Bg1 Nh4 46. Qc8 Qa2 47. Qxf8+ Ng8 48. d7 Qxg2# 0-1

[Event "46th GRE-chT Premier 2018"]
[Site "Rio Achaia"]
[Date "2018.07.14"]
[Round "6"]
[White "Kartsidima, Aikaterini"]
[Black "Papadopoulos, Spyridonas"]
[Result "1-0"]
[WhiteElo "1402"]
[BlackElo "1314"]
[Annotator "NA"]
[PlyCount "59"]
[EventDate "2018.07.10"]
[EventType "team-tourn"]
[EventCountry "GRE"]
[SourceTitle "playchess.com"]
[Source "ChessBase"]
[SourceQuality "1"]

1. d4 Nf6 2. Nd2 d5 3. Ngf3 e6 4. e3 c5 5. c3 Nc6 6. Bd3 Bd6 7. O-O O-O 8. dxc5 Bxc5 9. e4 Qc7 10. b4 Be7 11. Bb2 Rd8 12. Qc2 h6 13. a3 b6 14. Rfe1 Bb7 15. c4 dxe4 16. Nxe4 Nxe4 17. Bxe4 Nb8 18. Be5 Bd6 19. Rad1 Bxe4 20. Qxe4 Nc6 21. Bxd6 Rxd6 22. Rxd6 Qxd6 23. b5 Rc8 24. bxc6 Rxc6 25. Ne5 Rc8 26. Qb7 Qf8 27. Nd7 Qe8 28. Qxa7 Qe7 29. Qa4 Rc7 30. Qa8+ 1-0

[Event "46th GRE-chT Premier 2018"]
[Site "Rio Achaia"]
[Date "2018.07.14"]
[Round "6"]
[White "Trapalis, Theodoros"]
[Black "Yannopapas, Leontios"]
[Result "1-0"]
[WhiteElo "1386"]
[BlackElo "1366"]
[Annotator "NA"]
[PlyCount "99"]
[EventDate "2018.07.10"]
[EventType "team-tourn"]
[EventCountry "GRE"]
[SourceTitle "playchess.com"]
[Source "ChessBase"]
[SourceQuality "1"]

1. d4 d5 2. c4 c6 3. Nf3 Nf6 4. e3 Bf5 5. Nc3 e6 6. Be2 h6 7. O-O Bd6 8. b3 Qe7 9. Bb2 O-O 10. Rc1 Nbd7 11. h3 Rae8 12. Bd3 Ne4 13. Qc2 Ndf6 14. Nd2 Nxd2 15. Qxd2 Bg6 16. Bxg6 fxg6 17. Rfd1 Nh7 18. Qd3 Rf6 19. e4 Ref8 20. Rc2 Bf4 21. exd5 Rf5 22. Re2 R8f6 23. Rde1 Nf8 24. dxe6 Nxe6 25. d5 Nc5 26. Qd1 Qd6 27. b4 Bh2+ 28. Kh1 Rxf2 29. Rxf2 Rxf2 30. Re2 Nd3 31. Ne4 Qf4 32. Nxf2 Nxf2+ 33. Rxf2 Qxf2 34. Bd4 Qf4 35. Bxa7 Bg3 36. dxc6 bxc6 37. Qf3 Qc7 38. Bc5 Qe5 39. a4 Qe1+ 40. Bg1 Qxb4 41. Qxg3 Qxc4 42. a5 Qb5 43. Qa3 Qa6 44. Qc5 Qc8 45. Qb6 g5 46. a6 g4 47. a7 gxh3 48. Qb8 hxg2+ 49. Kxg2 Qxb8 50. axb8=Q+ 1-0

[Event "46th GRE-chT Premier 2018"]
[Site "Rio Achaia"]
[Date "2018.07.14"]
[Round "6"]
[White "Basinas, Konstantinos"]
[Black "Fotiadis, Alexandros"]
[Result "1-0"]
[WhiteElo "1383"]
[BlackElo "1336"]
[Annotator "NA"]
[PlyCount "53"]
[EventDate "2018.07.10"]
[EventType "team-tourn"]
[EventCountry "GRE"]
[SourceTitle "playchess.com"]
[Source "ChessBase"]
[SourceQuality "1"]

1. d4 Nf6 2. c4 g6 3. Nf3 Bg7 4. g3 d6 5. Bg2 O-O 6. O-O Nbd7 7. Nc3 c6 8. h3 e5 9. e4 Qe7 10. Be3 Ne8 11. Re1 Nc7 12. Qd2 Rd8 13. Rad1 Nb6 14. b3 f5 15. Bg5 Bf6 16. Bxf6 Qxf6 17. dxe5 Qf8 18. exd6 Ne8 19. e5 Be6 20. Ng5 Ng7 21. Ne2 Nd7 22. Nd4 Qe8 23. Ngxe6 Nxe6 24. Nxe6 Qxe6 25. Bf1 Nxe5 26. Qe3 Re8 27. d7 1-0

[Event "46th GRE-chT Premier 2018"]
[Site "Rio Achaia"]
[Date "2018.07.14"]
[Round "6"]
[White "Kafantaris, Pavlos"]
[Black "Vlachos, Georgios"]
[Result "1-0"]
[WhiteElo "1380"]
[BlackElo "1334"]
[Annotator "NA"]
[PlyCount "69"]
[EventDate "2018.07.10"]
[EventType "team-tourn"]
[EventCountry "GRE"]
[SourceTitle "playchess.com"]
[Source "ChessBase"]
[SourceQuality "1"]

1. d4 d5 2. Bf4 Nf6 3. e3 c5 4. c3 Qb6 5. Qb3 c4 6. Qc2 Nc6 7. Nd2 Bg4 8. Ngf3 e6 9. Be2 Be7 10. O-O O-O 11. Rfe1 h6 12. Ne5 Bxe2 13. Rxe2 Nxe5 14. Bxe5 Qa5 15. e4 Rfd8 16. exd5 exd5 17. a3 Ng4 18. Bxg7 Qc7 19. Be5 Nxe5 20. Rxe5 Bd6 21. Rh5 Kg7 22. Qf5 Qd7 23. Qxd7 Rxd7 24. Kf1 Bf4 25. Nf3 Re8 26. g3 Kg6 27. Rh4 Bg5 28. Rg4 Kh5 29. h3 f5 30. Ne5 Rde7 31. Re1 a6 32. f4 Bf6 33. Rh4+ Bxh4 34. g4+ fxg4 35. hxg4# 1-0

[Event "46th GRE-chT Premier 2018"]
[Site "Rio Achaia"]
[Date "2018.07.14"]
[Round "6"]
[White "Gkaripis, Marios Ilias"]
[Black "Mplitsa, Artemis"]
[Result "1/2-1/2"]
[WhiteElo "1374"]
[BlackElo "1182"]
[Annotator "NA"]
[PlyCount "90"]
[EventDate "2018.07.10"]
[EventType "team-tourn"]
[EventCountry "GRE"]
[SourceTitle "playchess.com"]
[Source "ChessBase"]
[SourceQuality "1"]

1. d4 d5 2. c4 c6 3. Nf3 Nf6 4. e3 e6 5. Nbd2 Nbd7 6. Bd3 dxc4 7. Nxc4 b5 8. Nce5 Nxe5 9. Nxe5 Qc7 10. Qc2 Bb4+ 11. Kf1 a6 12. Qxc6+ Qxc6 13. Nxc6 Bd6 14. Bd2 Bb7 15. Na5 Be4 16. Be2 e5 17. f3 Bg6 18. Nb3 Rc8 19. Kf2 O-O 20. Rac1 Bc2 21. Nc5 Bxc5 22. dxc5 Bg6 23. e4 Rc6 24. b4 Nd7 25. g4 Rd8 26. Rhd1 Nf8 27. Bc3 Rxd1 28. Bxd1 f6 29. Bb3+ Bf7 30. Bd5 Rc7 31. Rd1 Ng6 32. Bxf7+ Kxf7 33. Rd6 Ra7 34. Rb6 Ne7 35. c6 Rc7 36. Rxa6 Rxc6 37. Rxc6 Nxc6 38. Ke3 Ke6 39. Kd3 Kd6 40. Ke3 Ke6 41. a3 Kd6 42. f4 g6 43. fxe5+ fxe5 44. h4 h5 45. g5 Ke6 1/2-1/2